00676nam a2200145Ia 4500008004100000020001800041245012500059260002200184440003400206650014500240650001200385856004100397999001900438952007300457171212s9999 xx 000 0 und d a9781925022780 ceditor Noah Riseman, aIn Defence of CountrybLife Stories of Aboriginal and Torres Strait Islander Servicemen and Women bANU E Pressc2016 aAboriginal History Monographs aAboriginal Australians -- Wars -- Veterans; Aboriginal Australian soldiers -- Biography; Australia -- Armed Forces -- Aboriginal Australians aHistory uhttp://jstor.org/stable/j.ctt1bgzbmj c351148d351148 001040aCLbCLd2017-12-12l0r2017-12-12 00:00:00w2017-12-12yCBE